000 01036cam a2200181ua 4500
020 _a81-224-0518-5
_c68.00
041 _aeng
_h
082 _a670.423
_bDIR/FI
110 1 _aDirectorate of employment and training, Ministry of labour .
_b
_c(Government of India )
245 _aFitter First year: Trade practicals /
_cDirectorate general of employment and training, Ministry of labour, Govt. of India.
_hTextual Documents
250 _a1 /
_b.
260 _aNew Delhi :
_bWiley Eastern Ltd ,
_c1993.
300 _a404 ; .
365 _a68.00
504 _a
942 _cBK
999 _c7427
_d7427